书目信息 |
| 题名: |
运动解剖学
|
|
| 作者: | ;全国体育学院教材委员会审定 | |
| 分册: | ||
| 出版信息: | 北京 人民体育出版社 1989 |
|
| 页数: | 335页 | |
| 开本: | 26cm | |
| 丛书名: | ||
| 单 册: | ||
| 中图分类: | G804.4 | |
| 科图分类: | ||
| 主题词: | 运动解剖--解剖学--高等学校 | |
| 电子资源: | ||
| ISBN: | 7-5009-0331-6 | |
| 000 | 00918nam0 2200229 45 | |
| 001 | 012000039783 | |
| 005 | 20070618170213.59 | |
| 010 | @a7-5009-0331-6@dCNY5.25 | |
| 100 | @a20000906d1989 em y0chiy0120 ea | |
| 101 | 0 | @achi |
| 102 | @aCN@b110000 | |
| 105 | @aa z 000yy | |
| 200 | 1 | @a运动解剖学@Ayun dong jie pou xue@f全国体育学院教材委员会审定@Fquan guo ti yu xue yuan jiao cai wei yuan hui shen ding |
| 210 | @a北京@c人民体育出版社@d1989 | |
| 215 | @a335页@c图@d26cm | |
| 300 | @a体育院校通用教材 全国体育院校教材委员会审定 | |
| 330 | @a本书分人体的基本构成,运动系统,内脏,脉管系统,感觉器官,内分泌系统等七章,从运动解剖学的角度来介绍人体的形态结构及其与体育运动的关系。 | |
| 606 | @a运动解剖@x解剖学@x高等学校 | |
| 690 | @aG804.4@v4 | |
| 711 | 02 | @a全国体育学院教材委员会审定@Aquan guo ti yu xue yuan jiao cai wei yuan hui shen ding |
| 801 | 0 | @aCN@bNLC@c20070618 |
| 905 | @b341135-139@dG804.4@e270@f5 | |
| 运动解剖学/全国体育学院教材委员会审定.-北京:人民体育出版社,1989 |
| 335页:图;26cm |
| 体育院校通用教材 全国体育院校教材委员会审定 |
| ISBN 7-5009-0331-6:CNY5.25 |
| 本书分人体的基本构成,运动系统,内脏,脉管系统,感觉器官,内分泌系统等七章,从运动解剖学的角度来介绍人体的形态结构及其与体育运动的关系。 |
| ● |
| 相关链接 |
|
|
|
|
正题名:运动解剖学
索取号:G804.4/270
 
预约/预借
| 序号 | 登录号 | 条形码 | 馆藏地/架位号 | 状态 | 备注 |
| 1 | 0653804 | 206538040 | 第一样本阅览室/ [索取号:G804.4/270] | 在馆 |